Todos los amores : (Registro nro. 10796)

Detalles MARC
000 -LIDER
fixed length control field 00720cam a2200253 4500
001 - NÚMERO DE CONTROL
Identificador de número de control 04870
003 - IDENTIFICACDOR DE NÚMERO DE CONTROL
control field DO-SdBNP
005 - DATE AND TIME OF LATEST TRANSACTION
control field 20230316132046.0
007 - CAMPOS FIJOS DE DESCRIPCIÓN FÍSICA
fixed length control field 04870
008 - ELEMENTOS DE LONGITUD FIJA
fixed length control field 080129s2007 mx | |||| 00 0 spa
020 ## - ISBN
International Standard Book Number 9681903625
035 ## - NÚMERO LOCAL
System control number
040 ## - FUENTE DE CATALOGACIÓN
Agencia que crea de manera original el registro BPMSU
Idioma de catalogación spa
Agencia que realiza la transcripción BPMSU
Convenciones de la despripción
082 ## - NÚMERO DE CLASIFICACIÓN DECIMAL DE DEWEY
Classification number 808.81
Item number T639a 2007
Edition number 22
245 00 - MENCIÓN DE TITULO
Título Todos los amores :
Subtítulo antología de poesía amorosa /
Mención de responsabilidad selección y prólogo de Camen Boullosa
250 ## - MENCIÓN DE EDICION
Mención de edición
260 ## - PUBLICACIÓN, DISTRIBUCIÓN, ETC. (PIE DE IMPRENTA)
Lugar de publicación, distribución, etc México :
Nombre del editor, distribuidor, etc. Alfaguara,
Fecha de publicación, distribución, etc 2007
300 ## - DESCRIPCIÓN FÍSICA
Extensión 158 p. ;
Dimensiones 22 cm
590 ## - NOTA LOCAL
Enlace Inventariado, 2023/VM
650 #4 - ENCABEZAMIENTO DE MATERIA--TEMÁTICO
Término temático o nombre geográfico como elemento de entrada Poesías amorosa
Subdivisión de forma Colecciones
700 1# - ASIENTO SECUNDARIO -- NOMBRE PERSONAL
Nombre personal Boullosa, Carmen
Fechas asociadas con el nombre 1954-
910 ## - VALIDACIÓN
Validación VMateo V. Control de calidad (BPMSU)
942 ## - ADDED ENTRY ELEMENTS (KOHA)
Source of classification or shelving scheme Dewey Decimal Classification
Koha item type Libros
Existencias
Withdrawn status Lost status Source of classification or shelving scheme Damaged status Not for loan Collection code Home library Current library Date acquired Source of acquisition Full call number Barcode Date last seen Price effective from Koha item type Copy number
    Dewey Decimal Classification     Colección General Biblioteca Pública Metropolitana Salomé Ureña Biblioteca Pública Metropolitana Salomé Ureña 07/08/2016 ALFAGUARA BPMSU CG 808.81 T639a 2007 BPMSU18020078 07/08/2016 07/08/2016 Libros  
    Dewey Decimal Classification     Colección General Biblioteca Pública Metropolitana Salomé Ureña Biblioteca Pública Metropolitana Salomé Ureña 07/08/2016 ALFAGUARA BPMSU CG 808.81 T639a 2007 BPMSU16070309 07/08/2016 07/08/2016 Libros e.2
    Dewey Decimal Classification     Colección General Biblioteca Pública Metropolitana Salomé Ureña Biblioteca Pública Metropolitana Salomé Ureña 07/08/2016 ALFAGUARA BPMSU CG 808.81 T639a 2007 BPMSU16070310 07/08/2016 07/08/2016 Libros e.3